Bacteriología e inmunidad / (Record no. 135413)

MARC details
000 -LEADER
campo de control de longitud fija 00860nam a2200265 i 4500
001 - NÚMERO DE CONTROL
campo de control 135413
003 - IDENTIFICADOR DE NÚMERO DE CONTROL
campo de control ES-MaACL
005 - FECHA Y HORA DE LA ÚLTIMA TRANSACCIÓN
campo de control 20230906194858.0
007 - CAMPO FIJO DE DESCRIPCIÓN FÍSICA--INFORMACIÓN GENERAL
campo de control de longitud fija t|
008 - DATOS DE LONGITUD FIJA--INFORMACIÓN GENERAL
campo de control de longitud fija 070717s1949 sp ||||1| spa d
080 ## - NÚMERO DE LA CLASIFICACIÓN DECIMAL UNIVERSAL
Número de la Clasificación Decimal Universal 576.8
080 ## - NÚMERO DE LA CLASIFICACIÓN DECIMAL UNIVERSAL
Número de la Clasificación Decimal Universal 612.017
100 1# - ENTRADA PRINCIPAL--NOMBRE DE PERSONA
Nombre de persona Topley, William Whiteman Carlton.
9 (RLIN) 110601
245 10 - MENCIÓN DEL TÍTULO
Título Bacteriología e inmunidad /
Mención de responsabilidad, etc. por W.W.C. Topley ; revisada por G.S. Wilson y A.A. Miles.
250 ## - MENCION DE EDICION
Mención de edición 2ª ed. española
Resto de la mención de edición traducida de la tercera ed. inglesa por José Estellés Salarich.
260 ## - PUBLICACIÓN, DISTRIBUCIÓN, ETC.
Lugar de publicación, distribución, etc. Barcelona :
Nombre del editor, distribuidor, etc. Salvat,
Fecha de publicación, distribución, etc. 1949.
300 ## - DESCRIPCIÓN FÍSICA
Extensión 2 v. :
Otras características físicas il. ;
Dimensiones 25 cm.
650 14 - PUNTO DE ACCESO ADICIONAL DE MATERIA--TÉRMINO DE MATERIA
Término de materia o nombre geográfico como elemento de entrada Bacteriología.
9 (RLIN) 10473
650 14 - PUNTO DE ACCESO ADICIONAL DE MATERIA--TÉRMINO DE MATERIA
Término de materia o nombre geográfico como elemento de entrada Inmunidad.
9 (RLIN) 13786
700 1# - ENTRADA AGREGADA--NOMBRE PERSONAL
Nombre de persona Wilson, G. S.
9 (RLIN) 220140
700 1# - ENTRADA AGREGADA--NOMBRE PERSONAL
Nombre de persona Miles, A. A.
9 (RLIN) 81093
700 1# - ENTRADA AGREGADA--NOMBRE PERSONAL
Nombre de persona Estellés Salarich, José.
9 (RLIN) 48102
852 ## - LOCALIZACIÓN
Ubicación ES-MaACL
Número de control de estantería B-772-73
Sublocalización o colección R.27388
Holdings
Estatus retirado Estado de pérdida Estado de daño No para préstamo Biblioteca de origen Biblioteca actual Ubicación en estantería Fecha de adquisición Fuente de adquisición Total de préstamos Signatura topográfica completa Código de barras Visto por última vez Precio de reemplazo Tipo de ítem Koha
        Biblioteca del Ateneo de Madrid Biblioteca del Ateneo de Madrid Sala Pardo Bazán 17/01/2008     B-772-73 1140939 23/02/2023 23/02/2023 Libro impreso